[Event "GER-ch U12"]
[Site "Willingen"]
[Date "2020.10.31"]
[Round "7"]
[White "Navarro Jahnke, Leo"]
[Black "Cromm, Mika"]
[Result "1/2-1/2"]
[WhiteElo "1686"]
[BlackElo "1665"]
[PlyCount "83"]
[EventDate "2020.10.26"]
[EventType "swiss"]
[EventRounds "7"]
[EventCountry "GER"]
[SourceTitle "CBM 199 Extra"]
[Source "ChessBase"]
[SourceDate "2021.01.31"]
[SourceVersion "1"]
[SourceVersionDate "2021.01.31"]
[SourceQuality "1"]

1. d4 d5 2. c4 e6 3. Nc3 Nf6 4. cxd5 exd5 5. Bg5 Be7 6. Qc2 c6 7. e3 0-0 8. Nf3 Nbd7 9. Bd3 h6 10. Bf4 c5 11. 0-0 b6 12. Rfd1 cxd4 13. Nxd4 Bb7 14. a3 Nc5 15. b4 Nxd3 16. Qxd3 Bd6 17. Bxd6 Qxd6 18. Rac1 a6 19. Nde2 Qe5 20. Na4 b5 21. Nc5 Rab8 22. h3 Rfd8 23. Qd4 Qe7 24. Nf4 g5 25. Nfd3 Bc8 26. Ne5 Rd6 27. Rc2 Be6 28. Rdc1 Rc8 29. f3 Bf5 30. Ra2 Nd7 31. Nexd7 Bxd7 32. Rac2 Rdc6 33. Rc3 Rd6 34. Kf2 f5 35. Nxd7 Rxc3 36. Rxc3 Qxd7 37. h4 g4 38. Rc1 gxf3 39. gxf3 Rg6 40. Rg1 Rxg1 41. Kxg1 Qg7+ 42. Kf2 1/2-1/2

[Event "GER-ch U12"]
[Site "Willingen"]
[Date "2020.10.30"]
[Round "5"]
[White "Guo, Jacob Tingshen"]
[Black "Cromm, Mika"]
[Result "1/2-1/2"]
[WhiteElo "1551"]
[BlackElo "1665"]
[PlyCount "43"]
[EventDate "2020.10.26"]
[EventType "swiss"]
[EventRounds "7"]
[EventCountry "GER"]
[SourceTitle "CBM 199 Extra"]
[Source "ChessBase"]
[SourceDate "2021.01.31"]
[SourceVersion "1"]
[SourceVersionDate "2021.01.31"]
[SourceQuality "1"]

1. d4 d5 2. c4 e6 3. Nc3 Nf6 4. cxd5 exd5 5. Nf3 Be7 6. Bg5 0-0 7. e3 c6 8. Qc2 Be6 9. Bd3 h6 10. Bh4 Nbd7 11. 0-0 Rc8 12. Rac1 c5 13. Qd2 a6 14. a4 cxd4 15. exd4 Nh5 16. Bxe7 Qxe7 17. Rfe1 Nhf6 18. Na2 Qd6 19. a5 b5 20. b4 Nb8 21. Ne5 Nfd7 22. f4 1/2-1/2

[Event "GER-ch U12"]
[Site "Willingen"]
[Date "2020.10.29"]
[Round "4"]
[White "Cromm, Mika"]
[Black "Kiefhaber, Tobias"]
[Result "0-1"]
[WhiteElo "1665"]
[BlackElo "1542"]
[PlyCount "62"]
[EventDate "2020.10.26"]
[EventType "swiss"]
[EventRounds "7"]
[EventCountry "GER"]
[SourceTitle "CBM 199 Extra"]
[Source "ChessBase"]
[SourceDate "2021.01.31"]
[SourceVersion "1"]
[SourceVersionDate "2021.01.31"]
[SourceQuality "1"]

1. d4 d6 2. c4 e5 3. dxe5 dxe5 4. Qxd8+ Kxd8 5. e3 Be6 6. Nf3 Nd7 7. Ng5 c6 8. Nxe6+ fxe6 9. Be2 Ngf6 10. 0-0 Kc7 11. Nc3 Be7 12. b3 g5 13. Rb1 Rag8 14. b4 g4 15. b5 c5 16. a4 h5 17. a5 h4 18. f3 gxf3 19. Bxf3 Rh7 20. e4 Rhg7 21. Rb2 Nh7 22. Na4 Bg5 23. Bxg5 Nxg5 24. Bg4 h3 25. g3 Nxe4 26. Bxe6 Rf8 27. Rxf8 Nxf8 28. Bxh3 Nd6 29. Nxc5 Nxc4 30. Rc2 Ne3 31. Ne4+ Nxc2 0-1

[Event "Heusenstamm Sparkassen op-B 6th"]
[Site "Heusenstamm"]
[Date "2019.11.24"]
[Round "6"]
[White "Cromm, Mika"]
[Black "Althaus, Lennart"]
[Result "1-0"]
[WhiteElo "1451"]
[BlackElo "1690"]
[PlyCount "67"]
[EventDate "2019.11.21"]
[EventType "swiss"]
[EventRounds "7"]
[EventCountry "GER"]
[SourceTitle "CBM 194 Extra"]
[Source "ChessBase"]
[SourceDate "2020.03.31"]
[SourceVersion "1"]
[SourceVersionDate "2020.03.31"]
[SourceQuality "1"]

1. d4 d5 2. c4 c6 3. Nc3 Nf6 4. Bf4 Bf5 5. e3 e6 6. Nf3 Nbd7 7. Be2 dxc4 8. Bxc4 Nb6 9. Bd3 Bxd3 10. Qxd3 Bb4 11. 0-0 Bxc3 12. bxc3 Rc8 13. Rad1 0-0 14. Rfe1 c5 15. dxc5 Qxd3 16. Rxd3 Nbd5 17. Bd6 Rfd8 18. e4 Nc7 19. Red1 h6 20. e5 Nfe8 21. Rb1 Nxd6 22. cxd6 Na6 23. Nd4 Nc5 24. Re3 a6 25. c4 Kf8 26. f4 Rd7 27. Nb3 Na4 28. Nd2 Rc6 29. Rb4 Nb6 30. Reb3 Nc8 31. Rxb7 Rxb7 32. Rxb7 Nxd6 33. exd6 Rxd6 34. Rb2 1-0

[Event "Heusenstamm Sparkassen op-B 6th"]
[Site "Heusenstamm"]
[Date "2019.11.23"]
[Round "4"]
[White "Cromm, Mika"]
[Black "Plattner, Rolf"]
[Result "0-1"]
[WhiteElo "1451"]
[BlackElo "1787"]
[PlyCount "60"]
[EventDate "2019.11.21"]
[EventType "swiss"]
[EventRounds "7"]
[EventCountry "GER"]
[SourceTitle "CBM 194 Extra"]
[Source "ChessBase"]
[SourceDate "2020.03.31"]
[SourceVersion "1"]
[SourceVersionDate "2020.03.31"]
[SourceQuality "1"]

1. d4 Nf6 2. c4 e6 3. Nc3 Bb4 4. Bg5 h6 5. Bh4 g5 6. Bg3 Ne4 7. Qc2 Nxg3 8. hxg3 Qf6 9. e3 Nc6 10. a3 Bxc3+ 11. Qxc3 d5 12. cxd5 exd5 13. Bb5 Bd7 14. Nf3 Rc8 15. Qb3 a6 16. Bd3 g4 17. Nd2 Qd6 18. Qxb7 Rb8 19. Qxa6 Rxb2 20. Bb5 Ke7 21. Rc1 Rb8 22. Bxc6 R8b6 23. Qe2 Rxc6 24. Rxc6 Qxc6 25. 0-0 Qc2 26. Rd1 Ba4 27. Rb1 Rxb1+ 28. Kh2 Rb2 29. Qxg4 Qxd2 30. Qh4+ Ke8 0-1

[Event "Heusenstamm Sparkassen op-B 5th"]
[Site "Heusenstamm"]
[Date "2018.11.23"]
[Round "3"]
[White "Cromm, Mika"]
[Black "Bastian, Ben"]
[Result "0-1"]
[WhiteElo "1350"]
[BlackElo "1592"]
[PlyCount "50"]
[EventDate "2018.11.22"]
[EventType "swiss"]
[EventRounds "7"]
[EventCountry "GER"]
[SourceTitle "CBM 187 Extra"]
[Source "ChessBase"]
[SourceDate "2018.11.04"]
[SourceVersion "1"]
[SourceVersionDate "2018.11.04"]
[SourceQuality "1"]

1. d4 Nf6 2. Bf4 g6 3. e3 Bg7 4. c4 0-0 5. Nf3 d6 6. Be2 Nbd7 7. Bg3 c5 8. Nc3 b6 9. Qc2 Ba6 10. 0-0 cxd4 11. exd4 Rc8 12. b3 Nh5 13. Bh4 Nf4 14. Rad1 Rb8 15. Rfe1 Re8 16. Ne4 Qc7 17. Bg3 Nxe2+ 18. Qxe2 Qb7 19. Qd2 Rbc8 20. Bxd6 f5 21. Nfg5 Bh6 22. Qf4 Nf6 23. Bxe7 Qxe7 24. Nd6 Qxe1+ 25. Rxe1 Rxe1# 0-1

[Event "GER-ch U10"]
[Site "Willingen"]
[Date "2018.05.25"]
[Round "10"]
[White "Mader, Fabian"]
[Black "Cromm, Mika"]
[Result "1-0"]
[WhiteElo "1095"]
[BlackElo "1374"]
[PlyCount "51"]
[EventDate "2018.05.19"]
[EventType "swiss"]
[EventRounds "11"]
[EventCountry "GER"]
[SourceTitle "CBM 184 Extra"]
[Source "ChessBase"]
[SourceDate "2018.06.28"]
[SourceVersion "1"]
[SourceVersionDate "2018.06.28"]
[SourceQuality "1"]

1. e4 e5 2. Nf3 Nc6 3. Bc4 Bc5 4. c3 Nf6 5. d3 d6 6. Bb3 a6 7. Nbd2 0-0 8. h3 Be6 9. Bc2 Ba7 10. Nf1 d5 11. Qe2 dxe4 12. dxe4 h6 13. Ng3 Qe7 14. Nh4 Qd7 15. Ngf5 Ne7 16. Qf3 Nxf5 17. Nxf5 Bxf5 18. exf5 Qb5 19. Qg3 Kh8 20. Qh4 Qc6 21. 0-0 Bc5 22. Bxh6 gxh6 23. Qxh6+ Kg8 24. Rad1 Nd5 25. f6 Qxf6 26. Qh7# 1-0

[Event "GER-ch U10"]
[Site "Willingen"]
[Date "2018.05.22"]
[Round "5"]
[White "Cromm, Mika"]
[Black "Udelnov, Valentin"]
[Result "0-1"]
[WhiteElo "1374"]
[BlackElo "1377"]
[PlyCount "104"]
[EventDate "2018.05.19"]
[EventType "swiss"]
[EventRounds "11"]
[EventCountry "GER"]
[SourceTitle "CBM 184 Extra"]
[Source "ChessBase"]
[SourceDate "2018.06.28"]
[SourceVersion "1"]
[SourceVersionDate "2018.06.28"]
[SourceQuality "1"]

1. d4 Nf6 2. Bf4 g6 3. c4 c5 4. d5 b5 5. cxb5 a6 6. Nc3 d6 7. e4 Bg7 8. Nf3 0-0 9. Bd3 Qa5 10. Qc2 axb5 11. Bxb5 Ba6 12. Bxa6 Nxa6 13. 0-0 Nb4 14. Qe2 Nh5 15. Bd2 Nc2 16. Rac1 Nd4 17. Nxd4 cxd4 18. Nb1 Qxa2 19. Bg5 f6 20. Bh4 Rab8 21. Rc2 Rb3 22. Qc4 g5 23. Nd2 d3 24. Qxb3 Qxb3 25. Nxb3 dxc2 26. Bg3 Nxg3 27. hxg3 f5 28. Rc1 Rc8 29. Na1 Rb8 30. Nxc2 Rc8 31. Rb1 Rxc2 32. b4 Rb2 33. Rxb2 Bxb2 34. exf5 Bd4 35. Kf1 Kf7 36. f4 Kf6 37. Ke2 Kxf5 38. Kf3 g4+ 39. Ke2 Ke4 40. f5 Kxd5 41. Kd3 h5 42. b5 Bb6 43. Kc3 Kc5 44. Kd3 Kxb5 45. Ke4 Kc4 46. Kf4 d5 47. Kg5 d4 48. Kxh5 d3 49. Kxg4 d2 50. Kh5 d1Q+ 51. g4 Kd5 52. Kg6 Qxg4+ 0-1

[Event "GER-ch U10"]
[Site "Willingen"]
[Date "2018.05.21"]
[Round "4"]
[White "Held, Momme Fredrik"]
[Black "Cromm, Mika"]
[Result "1-0"]
[WhiteElo "1542"]
[BlackElo "1374"]
[PlyCount "75"]
[EventDate "2018.05.19"]
[EventType "swiss"]
[EventRounds "11"]
[EventCountry "GER"]
[SourceTitle "CBM 184 Extra"]
[Source "ChessBase"]
[SourceDate "2018.06.28"]
[SourceVersion "1"]
[SourceVersionDate "2018.06.28"]
[SourceQuality "1"]

1. e4 e5 2. Nf3 Nc6 3. Bc4 Bc5 4. c3 Nf6 5. d4 exd4 6. cxd4 Bb4+ 7. Bd2 Bxd2+ 8. Nbxd2 d5 9. exd5 Nxd5 10. Qb3 Na5 11. Qa4+ Nc6 12. Qa3 Ncb4 13. Qb3 Be6 14. a3 Nc6 15. Qxb7 Nce7 16. Bb5+ Bd7 17. Bxd7+ Kxd7 18. Qb5+ c6 19. Ne5+ Ke8 20. Nxc6 Kf8 21. Nxd8 Rxd8 22. 0-0 g6 23. Rae1 Nf5 24. Re5 Nxd4 25. Qc5+ Ne7 26. Qxe7+ Kg7 27. g4 Nc6 28. Qc5 Nxe5 29. Qxe5+ Kg8 30. Ne4 h6 31. Nf6+ Kf8 32. Nd7+ Rxd7 33. Qxh8+ Ke7 34. Re1+ Kd6 35. Qe5+ Kc6 36. Rc1+ Kb7 37. Qb5+ Ka8 38. Rc8# 1-0

[Event "GER-ch U10"]
[Site "Willingen"]
[Date "2017.06.09"]
[Round "10"]
[White "Phan Trong, Dai"]
[Black "Cromm, Mika"]
[Result "1/2-1/2"]
[WhiteElo "1392"]
[BlackElo "1175"]
[PlyCount "127"]
[EventDate "2017.06.04"]
[EventType "swiss"]
[EventRounds "11"]
[EventCountry "GER"]
[SourceTitle "CBM 178 Extra"]
[Source "ChessBase"]
[SourceDate "2017.06.22"]
[SourceVersion "1"]
[SourceVersionDate "2017.06.22"]
[SourceQuality "1"]

1. c4 e5 2. Nc3 Nf6 3. g3 d5 4. cxd5 Nxd5 5. Bg2 Nb6 6. e3 Nc6 7. Nge2 Bd6 8. 0-0 Be6 9. Re1 0-0 10. d4 exd4 11. Nxd4 Qd7 12. Nxe6 fxe6 13. Qe2 Rf7 14. a3 a5 15. Bd2 Rd8 16. Rad1 Be5 17. Ne4 Qe7 18. Bc3 Bxc3 19. Nxc3 Rdf8 20. Rf1 Kh8 21. Qc2 h6 22. Ne4 Ne5 23. Nc5 c6 24. Nd3 Nec4 25. a4 Qg5 26. Nf4 Rf6 27. h4 Qf5 28. Be4 Qg4 29. b3 Ne5 30. Kg2 Nd5 31. Bxd5 exd5 32. f3 Qd7 33. Qc3 Ng6 34. Qxa5 Re8 35. Nxg6+ Rxg6 36. Qc3 Qd6 37. g4 Qe7 38. h5 Re6 39. Rfe1 Rxe3 40. Qxe3 Qxe3 41. Rxe3 Rxe3 42. Rb1 Kg8 43. Kf2 Rd3 44. Ke2 Rc3 45. b4 Ra3 46. a5 Kf7 47. Kf2 Ra4 48. Ke3 Ke6 49. Kd4 Ra3 50. Rf1 Rb3 51. Kc5 Kd7 52. Rf2 Kc7 53. Rf1 Rc3+ 54. Kd4 Rc4+ 55. Ke5 Rxb4 56. f4 Kd7 57. g5 Ke7 58. gxh6 gxh6 59. Rg1 Re4+ 60. Kf5 Kf7 61. Rg6 Re8 62. Rxh6 Kg7 63. Rg6+ Kh7 64. h6 1/2-1/2

[Event "GER-ch U10"]
[Site "Willingen"]
[Date "2017.06.08"]
[Round "8"]
[White "Cromm, Mika"]
[Black "Kageler, Anton Paul"]
[Result "1-0"]
[WhiteElo "1175"]
[BlackElo "1341"]
[PlyCount "145"]
[EventDate "2017.06.04"]
[EventType "swiss"]
[EventRounds "11"]
[EventCountry "GER"]
[SourceTitle "CBM 178 Extra"]
[Source "ChessBase"]
[SourceDate "2017.06.22"]
[SourceVersion "1"]
[SourceVersionDate "2017.06.22"]
[SourceQuality "1"]

1. d4 Nf6 2. c4 c5 3. e3 cxd4 4. exd4 g6 5. Nc3 Bg7 6. Nf3 0-0 7. Be3 Nc6 8. Bd3 Ng4 9. 0-0 Qc7 10. h3 Nxe3 11. fxe3 Qb6 12. Rb1 e5 13. c5 Qa5 14. dxe5 Qxc5 15. Re1 Nxe5 16. Rc1 Qb6 17. Rb1 Re8 18. Kh1 Nxf3 19. Qxf3 Bxc3 20. bxc3 Qc6 21. Rf1 Qxf3 22. Rxf3 Rb8 23. Bc4 Re7 24. Rbf1 d5 25. Bxd5 Be6 26. Bxe6 fxe6 27. Rd1 Rc8 28. e4 Rf7 29. Rfd3 Rcc7 30. g4 g5 31. Kg2 h6 32. Kg3 Kg7 33. e5 Kg6 34. Kg2 Rc5 35. Re3 Rfc7 36. Rc1 Rc4 37. Kg3 h5 38. gxh5+ Kxh5 39. Kg2 g4 40. Kg3 gxh3 41. Kxh3 Rh4+ 42. Kg3 Rg7+ 43. Kf3 Rh3+ 44. Ke4 Rg4+ 45. Kd3 Rgg3 46. Rxg3 Rxg3+ 47. Kd4 b6 48. Rf1 Rg4+ 49. Ke3 Rg5 50. Ke4 Rg6 51. Rf6 Rxf6 52. exf6 Kg6 53. Ke5 Kf7 54. c4 a5 55. a4 Kf8 56. Kxe6 Ke8 57. f7+ Kf8 58. Kd6 Kxf7 59. Kc6 Ke8 60. Kxb6 Kd8 61. Kxa5 Kc8 62. Kb6 Kb8 63. a5 Kc8 64. a6 Kb8 65. c5 Ka8 66. c6 Kb8 67. c7+ Kc8 68. a7 Kd7 69. a8Q Kd6 70. Qd8+ Ke6 71. Kc5 Ke5 72. Qe8+ Kf5 73. Kd4 1-0

[Event "GER-ch U10"]
[Site "Willingen"]
[Date "2017.06.05"]
[Round "4"]
[White "Cromm, Mika"]
[Black "Bolz, Jannis"]
[Result "0-1"]
[WhiteElo "1175"]
[BlackElo "1333"]
[PlyCount "142"]
[EventDate "2017.06.04"]
[EventType "swiss"]
[EventRounds "11"]
[EventCountry "GER"]
[SourceTitle "CBM 178 Extra"]
[Source "ChessBase"]
[SourceDate "2017.06.22"]
[SourceVersion "1"]
[SourceVersionDate "2017.06.22"]
[SourceQuality "1"]

1. d4 Nf6 2. c4 e6 3. Nc3 d5 4. Nf3 Nbd7 5. Bf4 c5 6. e3 Be7 7. Bd3 0-0 8. 0-0 b6 9. Qc2 h6 10. h3 Bb7 11. Qe2 Re8 12. Rfe1 Rc8 13. Rac1 dxc4 14. Bxc4 cxd4 15. exd4 Bxf3 16. gxf3 Nh5 17. Be3 Qc7 18. Bd3 Nf4 19. Bxf4 Qxf4 20. Qe4 Qxe4 21. Rxe4 Nf6 22. Ree1 Red8 23. Rcd1 Nh5 24. a3 Nf4 25. Kh2 Nxd3 26. Rxd3 Bf6 27. Re4 Rc4 28. d5 Rxe4 29. fxe4 Be5+ 30. Kg2 exd5 31. exd5 Kf8 32. Kf1 Ke7 33. Ke2 a6 34. Ke3 Bf6 35. Rd1 b5 36. f4 Kd7 37. Ke4 Re8+ 38. Kf3 Rc8 39. Rd3 g6 40. Re3 Bg7 41. Rd3 f5 42. Kf2 Kd6 43. Ke3 Rc5 44. Kd2 Bxc3+ 45. Rxc3 Rxc3 46. bxc3 Kxd5 47. Kd3 a5 48. h4 h5 49. Ke3 Kc4 50. Kd2 Kb3 51. Kd3 Kxa3 52. Kc2 b4 53. c4 b3+ 54. Kb1 Kb4 55. c5 Kxc5 56. Kb2 Kb4 57. Ka1 a4 58. Kb1 a3 59. Ka1 b2+ 60. Kb1 Kc4 61. Kc2 Kd4 62. Kb1 Ke4 63. Ka2 Kxf4 64. Kb1 Kg4 65. Ka2 f4 66. Kb1 f3 67. Ka2 f2 68. Kb1 f1Q+ 69. Ka2 Qc4+ 70. Kb1 Qc1+ 71. Ka2 b1Q# 0-1

[Event "GER-ch U10"]
[Site "Willingen"]
[Date "2017.06.05"]
[Round "3"]
[White "Fuchs, Thomas1111"]
[Black "Cromm, Mika"]
[Result "1-0"]
[WhiteElo "1366"]
[BlackElo "1175"]
[PlyCount "71"]
[EventDate "2017.06.04"]
[EventType "swiss"]
[EventRounds "11"]
[EventCountry "GER"]
[SourceTitle "CBM 178 Extra"]
[Source "ChessBase"]
[SourceDate "2017.06.22"]
[SourceVersion "1"]
[SourceVersionDate "2017.06.22"]
[SourceQuality "1"]

1. d4 d5 2. c4 c6 3. Nf3 Nf6 4. Nc3 e6 5. Bg5 Be7 6. e3 Nbd7 7. Bd3 0-0 8. Qc2 h6 9. h4 dxc4 10. Be4 Nxe4 11. Qxe4 hxg5 12. hxg5 f5 13. Qxe6+ Rf7 14. g6 Qf8 15. gxf7+ Qxf7 16. Rh8+ Kxh8 17. Qxf7 Bf6 18. 0-0-0 Nf8 19. Qxf8+ Kh7 20. Rh1+ Kg6 21. Qc5 Be6 22. Ne5+ Bxe5 23. Qxe5 Kf7 24. Qc7+ Kf6 25. Qxb7 Rf8 26. Qxc6 Rc8 27. Qf3 a5 28. Ne4+ Ke7 29. Nc5 Kf7 30. Qb7+ Kf6 31. Nxe6 Rg8 32. Qc6 Kf7 33. Qd7+ Kf6 34. Nf4 Kg5 35. Rh5+ Kf6 36. Qe6# 1-0